A la búsqueda del sentido / (Record no. 103758)

MARC details
000 -CABECERA
campo de control de longitud fija 00771nam a2200241 a 4500
005 - FECHA Y HORA DE LA ÚLTIMA TRANSACCIÓN
campo de control 20240913064018.0
008 - ELEMENTOS DE LONGITUD FIJA--INFORMACIÓN GENERAL
campo de control de longitud fija 040128s1998 mx r 000 0 spa d
020 ## - NÚMERO INTERNACIONAL NORMALIZADO PARA LIBROS
Número Internacional Estándar del Libro 8430106871
035 ## - NÚMERO DE CONTROL DEL SISTEMA
Número de control de sistema UPN01000131603
049 ## - COLECCIÓN
Colección CG
050 #4 - SIGNATURA TOPOGRÁFICA DE LA BIBLIOTECA DEL CONGRESO
Número de clasificación B945 M2.98
Número de documento/Ítem M3.2 1998
100 1# - ASIENTO PRINCIPAL--NOMBRE PERSONAL
Nombre de persona Marcuse, Herbert,
Fechas asociadas al nombre 1898-1979
9 (RLIN) 29033
245 10 - MENCIÓN DE TÍTULO
Título A la búsqueda del sentido /
Mención de responsabilidad, etc. H. Marcuse, K. Popper, M. Horkheimer.
250 ## - MENCIÓN DE EDICIÓN
Mención de edición 3a ed.
260 ## - PUBLICACIÓN, DISTRIBUCIÓN, ETC.
Lugar de publicación, distribución, etc. Salamanca, Esp. :
Nombre del editor, distribuidor, etc. Sígueme,
Fecha de publicación, distribución, etc. 1998.
300 ## - DESCRIPCIÓN FÍSICA
Extensión 136 p.
440 #0 - MENCIÓN DE SERIE/ASIENTO SECUNDARIO--TÍTULO
Título Hermeneia ;
Designación de volumen o secuencia 3
600 10 - ASIENTO SECUNDARIO DE MATERIA - NOMBRE PERSONAL
Nombre de persona Marcuse, Herbert,
Fechas asociadas al nombre 1898-1979
9 (RLIN) 29033
650 #2 - ASIENTO SECUNDARIO DE MATERIA - TERMINO TEMATICO
Término de materia o nombre geográfico como elemento de entrada Sociología
Subdivisión general Filosofía
9 (RLIN) 8941
700 1# - ASIENTO SECUNDARIO--NOMBRE DE PERSONAL
Nombre de persona Horkheimer, Max,
Fechas asociadas al nombre 1895-1973
Término indicativo de función/relación coaut.
9 (RLIN) 28766
700 1# - ASIENTO SECUNDARIO--NOMBRE DE PERSONAL
Nombre de persona Popper, Karl R.
Forma completa/desarrollada del nombre (Karl Raimund),
Fechas asociadas al nombre 1902-1994
Término indicativo de función/relación coaut.
9 (RLIN) 192
905 ## - TIPO DE MATERIAL
Tipo de material Libro
Holdings
Estado de retiro Estado de pérdida Fuente del sistema de clasificación o colocación Estado dañado No para préstamo Código de colección Localización permanente Ubicación/localización actual Ubicación en estantería Fecha de adquisición Total de préstamos Clasificación Código de barras Fecha visto por última vez Fecha del último préstamo Número de copia Tipo de ítem Koha
    Library of Congress Classification     Colección General Bib. Gregorio Torres Quintero Bib. Gregorio Torres Quintero Planta baja 13/03/2023 6 B945 M2.98 M3.2 1998 201189 03/06/2025 29/05/2025 1 Libro
    Library of Congress Classification     Colección General Bib. Gregorio Torres Quintero Bib. Gregorio Torres Quintero Planta baja   9 B945 M2.98 M3.2 1998 201187 31/12/2020   1 Libro
    Library of Congress Classification     Colección General Bib. Gregorio Torres Quintero Bib. Gregorio Torres Quintero Planta baja 12/08/2024 4 B945 M2.98 M3.2 1998 201188 13/08/2024 12/08/2024 1 Libro